01350nam a2200217Ia 450000100090000000300060000900500170001500800410003202000150007304000180008808200180010610000330012424501360015725000400029326000370033330000380037050400650040850505960047363000470106965000160111655087851OCoLC20241126110715.0040506s2004 nyuab b 001 0 eng d a0060582731 aMNGcMNGdCIN a222.1206bHUM1 aHumphreys, C. J.q(Colin J.)14aThe miracles of Exodus :ba scientist's discovery of the extraordinary natural causes of the biblical stories /cColin J. Humphreys a1st HarperCollins paperback edition aNew York :bHarperCollins,c2004 avi, 362 p. :bill., maps ;c24 cm aIncludes bibliographical references (p. [341]-347) and index0 aUnlocking the secrets of the Exodus -- Crossing the river Jordan -- The date of the Exodus -- Moses and Midian -- The burning bush -- The mountain of God, the mountain of fire -- Mission impossible: the Exodus strategy -- How many people were in the Exodus? -- Death on the Nile -- The journey starts: the pillar of cloud and the pillar of fire -- Where was the biblical Red Sea? -- The Red Sea revealed -- The lost site of Etham -- Trapped by Pharaoh -- Crossing the Red Sea -- Turning bitter water sweet -- From the clue of the dew to water from rock -- The spectacular site of Mount Sinai00aBible.pExodusxHistory of Biblical events 0aExodus, The